Quick Pick: John 11:25 (NIV) Quiz Stats

Quiz not verified by Sporcle

Challenge
Share
Tweet
Embed
Score 0/23 Timer 01:30
0 Plays Today
% Correct
believes
64.6%
Jesus
62.5%
am
60.4%
and
60.4%
'I
58.3%
die.'
58.3%
said
56.3%
The
56.3%
the
56.3%
life.
54.2%
they
54.2%
will
52.1%
% Correct
live,
52.1%
the
50%
resurrection
50%
though
50%
one
47.9%
who
47.9%
even
47.9%
in
47.9%
Me
47.9%
her
47.9%
to
47.9%

You're not logged in!

Compare scores with friends on all Sporcle quizzes.
Sign Up with Email
OR
Log In

You Might Also Like...

Show Comments

Extras

Top Quizzes Today


Score Distribution

Your Account Isn't Verified!

In order to create a playlist on Sporcle, you need to verify the email address you used during registration. Go to your Sporcle Settings to finish the process.